Catálogo público

Sistema producto berries en fruto en Baja California y Baja California Sur / (Record no. 220744)

MARC details
000 -CABECERA
campo de control de longitud fija 01763nam a2200373 a 4500
003 - IDENTIFICADOR DEL NÚMERO DE CONTROL
campo de control Mxchpua
005 - FECHA Y HORA DE LA ÚLTIMA TRANSACCIÓN
campo de control 20250805130525.0
007 - CAMPO FIJO DE DESCRIPCIÓN FÍSICA--INFORMACIÓN GENERAL
campo de control de longitud fija ta
008 - DATOS DE LONGITUD FIJA--INFORMACIÓN GENERAL
campo de control de longitud fija 250709s2025 mx bdo|fr|||| 001 0 spa d
040 ## - FUENTE DE LA CATALOGACIÓN
Centro catalogador/agencia de origen mxchpua
090 ## - LOCALMENTE ASIGNADO TIPO-LC NÚMERO DE CLASIFICACIÓN (OCLC); NÚMERO DE CLASIFICACIÓN LOCAL (RLIN)
Número de clasificación (OCLC) (R) ; Numero de clasificación, CALL (RLIN) (NR) T.C.980
Número cutter local (OCLC) ; Número de libro/Signatura topográfica íntegra, CALL (RLIN) H46 SAI
Año 2025
245 10 - MENCIÓN DE TÍTULO
Título Sistema producto berries en fruto en Baja California y Baja California Sur /
Mención de responsabilidad, etc. coordinador Filogonio Jesús Hernández Guzmán ; colaboradores Camila Alejandra Álcantara Ramírez...[y otros]
260 ## - PUBLICACIÓN, DISTRIBUCIÓN, ETC.
Lugar de publicación, distribución, etc. Chapingo, México :
Nombre del editor, distribuidor, etc. El autor,
Fecha de publicación, distribución, etc. 2025
300 ## - DESCRIPCIÓN FÍSICA
Extensión 55 hojas :
Otras características físicas mapas, gráficas, tablas, fotos
336 ## - TIPO DE CONTENIDO
Fuente rdacontent
Término de tipo de contenido Texto
Código de tipo de contenido txt
337 ## - TIPO DE MEDIO
Fuente rdamedia
Nombre/término del tipo de medio no mediado
Código del tipo de medio n
338 ## - TIPO DE SOPORTE
Fuente rdacarrier
Nombre/término del tipo de soporte volumen
Código del tipo de soporte nc
500 ## - NOTA GENERAL
Nota general Grado: 6° año <br/>Grupo: 4
502 ## - NOTA DE TESIS
Nota de tesis Viaje de Estudios
Tipo de título (SAI) --
Nombre de la institución que otorga el título UACh. Departamento de Ingeniería Agroindustrial,
Año de obtención del título 2025
504 ## - NOTA DE BIBLIOGRAFÍA, ETC.
Nota de bibliografía, etc. Bibliografía: hojas 53-55
505 0# - NOTA DE CONTENIDO CON FORMATO
Nota de contenido con formato Visitas: --
Título 1. Rancho agrícola Hamn --<br/>2. Mungia Produce --<br/>3. Hermanos Magaña --<br/>4. Productor de Driscoll´s --<br/>5. Driscoll´s --<br/>6. GIR Hortícola
650 13 - PUNTO DE ACCESO ADICIONAL DE MATERIA--TÉRMINO DE MATERIA
Término de materia o nombre geográfico como elemento de entrada Frutas pequeñas
Subdivisión general Industria y comercio
9 (RLIN) 155470
Subdivisión geográfica México
-- Baja California
650 13 - PUNTO DE ACCESO ADICIONAL DE MATERIA--TÉRMINO DE MATERIA
Término de materia o nombre geográfico como elemento de entrada Frutas pequeñas
Subdivisión general Industria y comercio
9 (RLIN) 155470
Subdivisión geográfica México
-- Baja California Sur
650 13 - PUNTO DE ACCESO ADICIONAL DE MATERIA--TÉRMINO DE MATERIA
Término de materia o nombre geográfico como elemento de entrada Arándanos
9 (RLIN) 157767
650 13 - PUNTO DE ACCESO ADICIONAL DE MATERIA--TÉRMINO DE MATERIA
Término de materia o nombre geográfico como elemento de entrada Fresas
9 (RLIN) 43185
650 13 - PUNTO DE ACCESO ADICIONAL DE MATERIA--TÉRMINO DE MATERIA
Término de materia o nombre geográfico como elemento de entrada Frambuesas
9 (RLIN) 155469
650 13 - PUNTO DE ACCESO ADICIONAL DE MATERIA--TÉRMINO DE MATERIA
Término de materia o nombre geográfico como elemento de entrada Small fruits
Subdivisión general Industry and trade
9 (RLIN) 155474
Subdivisión geográfica Mexico
-- Baja California
650 13 - PUNTO DE ACCESO ADICIONAL DE MATERIA--TÉRMINO DE MATERIA
Término de materia o nombre geográfico como elemento de entrada Bilberries
9 (RLIN) 158965
650 13 - PUNTO DE ACCESO ADICIONAL DE MATERIA--TÉRMINO DE MATERIA
Término de materia o nombre geográfico como elemento de entrada Strawberries
9 (RLIN) 152625
650 13 - PUNTO DE ACCESO ADICIONAL DE MATERIA--TÉRMINO DE MATERIA
Término de materia o nombre geográfico como elemento de entrada Raspberries
9 (RLIN) 155472
700 1# - PUNTO DE ACCESO ADICIONAL--NOMBRE DE PERSONA
Nombre de persona Hernández Guzmán, Filogonio Jesús
9 (RLIN) 54108
Término indicativo de función/relación coordinador
700 1# - PUNTO DE ACCESO ADICIONAL--NOMBRE DE PERSONA
Nombre de persona Alcántara Ramírez, Camila Alejandra
9 (RLIN) 189861
Término indicativo de función/relación colaboradora
856 41 - LOCALIZACIÓN Y ACCESO ELECTRÓNICOS
Texto de enlace DESCARGAR REPORTE
Identificador Uniforme del Recurso <a href="http://10.13.5.2/ve/TC980_SAI/TC980_SAI_2025-REPORTE.pdf">http://10.13.5.2/ve/TC980_SAI/TC980_SAI_2025-REPORTE.pdf</a>
Holdings
Estado de retiro Estado de pérdida Fuente del sistema de clasificación o colocación Estado dañado Restricciones de uso No para préstamo Código de colección Localización permanente Ubicación/localización actual Fecha de adquisición Fuente de adquisición Total de préstamos Signatura topográfica completa Código de barras Fecha visto por última vez Número de copia Precio válido a partir de Tipo de ítem Koha Ubicación en estantería
    Clasificación Universidad Autónoma de Chapingo   Préstamo interno   Viajes de Estudio Ingenieria Agroindustrial Ingenieria Agroindustrial 19/06/2025 El autor   T.C.980 H46 SAI 2025 1106015626 26/01/2026 Ej. 1 09/07/2025 Viaje de Estudios  
    Clasificación Universidad Autónoma de Chapingo   Préstamo interno   Viajes de Estudio Ingenieria Agroindustrial Ingenieria Agroindustrial 19/06/2025 El autor   T.C.980 H46 SAI 2025 1106015627 09/07/2025 Ej. 2   CD  
    Clasificación Universidad Autónoma de Chapingo       Viajes de estudio - En línea Ingenieria Agroindustrial Ingenieria Agroindustrial   El autor   T.C.980 H46 SAI 2025 1206015626 09/07/2025     Viajes de Estudio - En línea En línea